| Tag |
First Indicator |
Second Indicator |
Subfields |
| LEADER |
00000cam a2200000 a 4500 |
| 001 |
in00002059621 |
| 005 |
20151102050347.0 |
| 008 |
941212s1994 iluabk bt f000 0 eng d |
| 035 |
|
|
|a (OCoLC)ocm31681955
|
| 040 |
|
|
|a AFM
|c AFM
|d IXA
|d TXA
|d UtOrBLW
|
| 043 |
|
|
|a n-us-tx
|a n-us---
|
| 049 |
|
|
|a TXAM
|
| 090 |
|
|
|a E78.T4
|b S54 1974
|
| 245 |
0 |
0 |
|a Significance standards for prehistoric cultural resources :
|b a case study from Fort Hood, Texas /
|c by G. Lain Ellis [and others].
|
| 246 |
3 |
0 |
|a A case study from Fort Hood, Texas.
|
| 264 |
|
1 |
|a Champaign, Ill. :
|b US Army Corps of Engineers Construction Engineering Research Laboratories,
|c 1994.
|
| 300 |
|
|
|a xi, 222 pages :
|b illustrations, maps, forms ;
|c 28 cm.
|
| 336 |
|
|
|a text
|b txt
|2 rdacontent
|
| 337 |
|
|
|a unmediated
|b n
|2 rdamedia
|
| 338 |
|
|
|a volume
|b nc
|2 rdacarrier
|
| 490 |
1 |
|
|a USACERL technical report ;
|v CRC-94/04
|
| 500 |
|
|
|a Cover title.
|
| 500 |
|
|
|a "The work was performed by Mariah Associates, Inc., of Austin, Texas, for the Tri-Services Cultural Resources Research Center"--P. v.
|
| 504 |
|
|
|a Includes bibliographical references (pages 192-216).
|
| 536 |
|
|
|a From the Department of Anthropology, Texas Archaeology Collection, January 2005.
|
| 650 |
|
0 |
|a Archaeology
|z Texas
|z Fort Hood.
|
| 650 |
|
0 |
|a Cultural property
|x Protection
|z Texas
|z Fort Hood.
|
| 650 |
|
0 |
|a Antiquities
|x Evaluation.
|
| 650 |
|
0 |
|a Cultural property
|x Protection
|x Law and legislation
|z United States.
|
| 650 |
|
0 |
|a Indians of North America
|z Texas
|z Fort Hood.
|
| 700 |
1 |
|
|a Ellis, G. Lain.
|
| 710 |
2 |
|
|a Construction Engineering Research Laboratories (U.S.)
|
| 710 |
2 |
|
|a Mariah Associates.
|
| 830 |
|
0 |
|a USACERL technical report ;
|v CRC-94/04.
|
| 948 |
|
|
|a cataloged
|b h
|c 2005/7/21
|d c
|e dmitchel
|f 10:10:10 am
|
| 994 |
|
|
|a C0
|b TXA
|
| 999 |
|
|
|a MARS
|
| 999 |
f |
f |
|s be8a5791-0608-3905-b5cd-83ff941a0a5a
|i 8fa61d57-976b-31bb-84ad-4fbc4c944619
|t 0
|
| 952 |
f |
f |
|p normal
|a Texas A&M University
|b College Station
|c Sterling C. Evans Library
|d Evans: Library Stacks
|t 0
|e E78.T4 S54 1974
|h Library of Congress classification
|i unmediated -- volume
|m A14832799098
|
| 998 |
f |
f |
|a E78.T4 S54 1974
|t 0
|l Evans: Library Stacks
|